000 00624nam a2200241 a 4500
001 nice12345678
003 IN_TiNIC
005 20260116012114.0
008 050524s1970 newa grp 000 0 eng
020 _a
_c171.5
082 0 0 _a241.53
_bFIT
100 _aFitzgerald, Ernest A
245 _aThere`s No Other Way
_b Master`s Plan in the Sermon on the Mount
260 _aNew York
_bAbingdon Press
_c1970
300 _a144p
500 _aincludes index and biblioraphy
505 2 _aIndex
650 _aSermon on the Mount
700 1 _aFitzgerald, Ernest A
902 _bSRS
942 _cBK
999 _c5657
_d5657